[Event "Tula Sinitsin Memorial"]
[Site "Tula"]
[Date "2014.04.04"]
[Round "7"]
[White "Gusev, Aleksey"]
[Black "Kulicov, Oleg Anatolie"]
[Result "0-1"]
[WhiteElo "2433"]
[BlackElo "2451"]
[PlyCount "74"]
[EventDate "2014.03.31"]
[EventType "tourn"]
[EventRounds "13"]
[EventCountry "RUS"]
[EventCategory "6"]
[SourceTitle "EXT 2015"]
[Source "ChessBase"]
[SourceDate "2014.11.20"]
[SourceVersion "1"]
[SourceVersionDate "2014.11.20"]
[SourceQuality "1"]

1. e4 e6 2. d4 d5 3. e5 c5 4. c3 Nc6 5. Nf3 Bd7 6. Be2 Nge7 7. 0-0 Nf5 8. Bd3 cxd4 9. Bxf5 exf5 10. Nxd4 Be7 11. Nf3 Be6 12. Be3 g5 13. Na3 f4 14. Bd4 Rg8 15. Ne1 Qa5 16. Nac2 0-0-0 17. Qe2 Bf5 18. a4 Qc7 19. a5 Kb8 20. Qb5 h5 21. Kh1 h4 22. a6 b6 23. Rd1 h3 24. g3 Rg6 25. Nd3 Bd7 26. Qb3 Na5 27. Qa2 Bb5 28. Rfe1 Qc8 29. e6 Rxe6 30. Rxe6 Qxe6 31. Be5+ Ka8 32. Nd4 Qd7 33. gxf4 f6 34. b4 Bxd3 35. Rxd3 Nc4 36. f5 fxe5 37. Ne6 e4 0-1

[Event "Tula Sinitsin Memorial"]
[Site "Tula"]
[Date "2014.04.01"]
[Round "3"]
[White "Zaitsev, Alexander"]
[Black "Kulicov, Oleg Anatolie"]
[Result "1/2-1/2"]
[WhiteElo "2408"]
[BlackElo "2451"]
[PlyCount "89"]
[EventDate "2014.03.31"]
[EventType "tourn"]
[EventRounds "13"]
[EventCountry "RUS"]
[EventCategory "6"]
[SourceTitle "EXT 2015"]
[Source "ChessBase"]
[SourceDate "2014.11.20"]
[SourceVersion "1"]
[SourceVersionDate "2014.11.20"]
[SourceQuality "1"]

1. e4 c5 2. Nf3 d6 3. Bb5+ Nc6 4. 0-0 Bd7 5. Re1 Nf6 6. c3 a6 7. Bf1 Bg4 8. d3 g6 9. Nbd2 Bh6 10. h3 Bxf3 11. Nxf3 Bxc1 12. Rxc1 0-0 13. d4 e5 14. Qd2 Kg7 15. Bc4 Qe7 16. Bd5 Rac8 17. dxc5 dxc5 18. Rcd1 b5 19. Qe3 Rfd8 20. Nh2 Na5 21. Ng4 Nxg4 22. hxg4 Nc4 23. Bxc4 Rxd1 24. Rxd1 bxc4 25. g5 Rb8 26. Rd2 Rb5 27. g3 Ra5 28. a3 Rb5 29. Kg2 Rb7 30. Kh2 Rb5 31. Kg1 Rb7 32. a4 a5 33. Kg2 Rb8 34. Rd5 Rxb2 35. Qxc5 Qxg5 36. Rxe5 Qf6 37. Re8 g5 38. e5 Rxf2+ 39. Qxf2 Qc6+ 40. Kg1 Qxe8 41. Qf6+ Kg8 42. Qxg5+ Kf8 43. Kf2 Qxa4 44. Qd8+ Kg7 45. Qg5+ 1/2-1/2

[Event "Tula Sinitsin Memorial"]
[Site "Tula"]
[Date "2014.03.31"]
[Round "1"]
[White "Domogaev, Sergey"]
[Black "Kulicov, Oleg Anatolie"]
[Result "1/2-1/2"]
[WhiteElo "2510"]
[BlackElo "2451"]
[PlyCount "72"]
[EventDate "2014.03.31"]
[EventType "tourn"]
[EventRounds "13"]
[EventCountry "RUS"]
[EventCategory "6"]
[SourceTitle "EXT 2015"]
[Source "ChessBase"]
[SourceDate "2014.11.20"]
[SourceVersion "1"]
[SourceVersionDate "2014.11.20"]
[SourceQuality "1"]

1. e4 e6 2. d4 d5 3. e5 c5 4. c3 Nc6 5. Nf3 Bd7 6. Be2 cxd4 7. cxd4 Nge7 8. 0-0 Nf5 9. Nc3 Be7 10. g4 Nh4 11. Nxh4 Bxh4 12. f4 Be7 13. Be3 f6 14. Bd3 fxe5 15. fxe5 Bg5 16. Qf3 Bxe3+ 17. Qxe3 Qh4 18. Be2 0-0-0 19. Nb5 Kb8 20. Nd6 Rdf8 21. Kg2 h5 22. Rxf8+ Rxf8 23. h3 Nb4 24. Rf1 Rxf1 25. Kxf1 hxg4 26. Bxg4 Qh7 27. Ke2 Nxa2 28. Qg5 Qc2+ 29. Kf3 Qd3+ 30. Kg2 Kc7 31. Qxg7 Qd2+ 32. Kg3 Qe1+ 33. Kf3 Qf1+ 34. Kg3 Qe1+ 35. Kf3 Qf1+ 36. Kg3 Qe1+ 1/2-1/2

[Event "Suvorov"]
[Site "Suvorov"]
[Date "2012.06.23"]
[Round "7"]
[White "Kulicov, Oleg Anatolie"]
[Black "Novikov, Maxim"]
[Result "1/2-1/2"]
[WhiteElo "2429"]
[BlackElo "2515"]
[PlyCount "67"]
[EventDate "2012.06.19"]
[EventType "tourn"]
[EventRounds "15"]
[EventCountry "RUS"]
[EventCategory "6"]
[SourceTitle "EXT 2013"]
[Source "ChessBase"]
[SourceDate "2012.11.22"]
[SourceVersion "1"]
[SourceVersionDate "2012.11.22"]
[SourceQuality "1"]

1. e4 e5 2. Nf3 Nc6 3. d4 exd4 4. Nxd4 Bc5 5. Nxc6 Qf6 6. Qf3 Qxf3 7. gxf3 bxc6 8. Be3 Bxe3 9. fxe3 d6 10. Bc4 Be6 11. Bb3 Ne7 12. Nc3 Kd7 13. Kf2 g6 14. f4 Rab8 15. Rhd1 f5 16. e5 Rhd8 17. Na4 Rb5 18. c4 Ra5 19. c5 Bxb3 20. axb3 Nd5 21. cxd6 cxd6 22. b4 Rb5 23. Nc3 Rxb4 24. Nxd5 Rxb2+ 25. Kg3 cxd5 26. Rxd5 Ke6 27. Rxd6+ Rxd6 28. exd6 Re2 29. Rxa7 Rxe3+ 30. Kf2 Rh3 31. Kg2 Rd3 32. Rxh7 Rxd6 33. Ra7 Rd3 34. Ra5 1/2-1/2

[Event "Suvorov"]
[Site "Suvorov"]
[Date "2012.06.22"]
[Round "6"]
[White "Kurilin, Alexander"]
[Black "Kulicov, Oleg Anatolie"]
[Result "0-1"]
[WhiteElo "2259"]
[BlackElo "2429"]
[PlyCount "78"]
[EventDate "2012.06.19"]
[EventType "tourn"]
[EventRounds "15"]
[EventCountry "RUS"]
[EventCategory "6"]
[SourceTitle "EXT 2013"]
[Source "ChessBase"]
[SourceDate "2012.11.22"]
[SourceVersion "1"]
[SourceVersionDate "2012.11.22"]
[SourceQuality "1"]

1. g3 c5 2. Bg2 g6 3. e4 Bg7 4. Ne2 Nc6 5. 0-0 d6 6. c3 e5 7. d3 Nge7 8. Be3 0-0 9. d4 exd4 10. cxd4 d5 11. Nbc3 Bg4 12. exd5 cxd4 13. dxc6 Nxc6 14. Bxc6 dxc3 15. Bxb7 cxb2 16. Qxd8 Raxd8 17. Rae1 Rfe8 18. Nf4 g5 19. Ng2 h6 20. f3 Be6 21. Be4 Bc3 22. Rd1 Rxd1 23. Rxd1 Bxa2 24. Bb1 Bxb1 25. Rxb1 a5 26. Kf2 a4 27. Bc5 Rc8 28. Ba3 Bd4+ 29. Ke2 Rc3 30. Bxb2 Rb3 31. Bxd4 Rxb1 32. Ne1 a3 33. Nc2 a2 34. Kd3 Rh1 35. h4 gxh4 36. gxh4 Rxh4 37. Kc3 h5 38. Kb2 Rh2 39. Kb3 h4 0-1

[Event "Suvorov"]
[Site "Suvorov"]
[Date "2012.06.21"]
[Round "5"]
[White "Kulicov, Oleg Anatolie"]
[Black "Arakeljan, Armen M"]
[Result "1-0"]
[WhiteElo "2429"]
[BlackElo "2308"]
[PlyCount "75"]
[EventDate "2012.06.19"]
[EventType "tourn"]
[EventRounds "15"]
[EventCountry "RUS"]
[EventCategory "6"]
[SourceTitle "EXT 2013"]
[Source "ChessBase"]
[SourceDate "2012.11.22"]
[SourceVersion "1"]
[SourceVersionDate "2012.11.22"]
[SourceQuality "1"]

1. e4 c5 2. c3 Nf6 3. e5 Nd5 4. Nf3 e6 5. d4 cxd4 6. cxd4 d6 7. Bc4 Nc6 8. 0-0 Be7 9. Qe2 0-0 10. Nc3 Nxc3 11. bxc3 dxe5 12. dxe5 Qa5 13. Qe4 Qa4 14. Rb1 Rd8 15. Ng5 Bxg5 16. Bxg5 Rd7 17. Rfe1 a6 18. Bf6 Ne7 19. Bxe7 Rxe7 20. Red1 Qa5 21. Rd6 Qc7 22. Bd3 g6 23. h4 Rb8 24. h5 b5 25. Qf4 Re8 26. h6 Qe7 27. c4 Bb7 28. cxb5 axb5 29. Rxb5 Bd5 30. Rxb8 Rxb8 31. a4 Ra8 32. Bb5 Qf8 33. Rd7 Rb8 34. Qf6 Rc8 35. a5 Rc1+ 36. Bf1 Rc8 37. a6 Bc6 38. Re7 1-0

[Event "Marianske Lazne IM-B 11th"]
[Site "Marianske Lazne"]
[Date "2012.01.27"]
[Round "8"]
[White "Iwanow, Anna"]
[Black "Kulicov, Oleg Anatolie"]
[Result "0-1"]
[WhiteElo "2180"]
[BlackElo "2425"]
[PlyCount "62"]
[EventDate "2012.01.21"]
[EventType "tourn"]
[EventRounds "9"]
[EventCountry "CZE"]
[EventCategory "1"]
[SourceTitle "CBM 146 Extra"]
[Source "ChessBase"]
[SourceDate "2012.02.29"]
[SourceVersion "1"]
[SourceVersionDate "2012.02.29"]
[SourceQuality "1"]

1. e4 g6 2. d4 Bg7 3. Nc3 d6 4. Nf3 a6 5. Be3 b5 6. Bd3 Nd7 7. a4 b4 8. Ne2 Ngf6 9. h3 0-0 10. c3 bxc3 11. Nxc3 c5 12. 0-0 Bb7 13. Re1 cxd4 14. Bxd4 Qb8 15. b4 e5 16. Be3 d5 17. Bg5 dxe4 18. Bxe4 Nxe4 19. Nxe4 Bxe4 20. Rxe4 Qb7 21. Rh4 e4 22. Nd2 Rfe8 23. Rc1 Nf6 24. Qe2 Qxb4 25. Rc4 Qb2 26. Qe3 Qa1+ 27. Kh2 Nd5 28. Qc5 Qe5+ 29. g3 Qxg5 30. Nxe4 Qe5 31. Nd6 Bf8 0-1

[Event "Frydek Mistek IM-A"]
[Site "Frydek Mistek"]
[Date "2011.04.25"]
[Round "9"]
[White "Kulicov, Oleg Anatolie"]
[Black "Sadzikowski, Daniel"]
[Result "1/2-1/2"]
[WhiteElo "2415"]
[BlackElo "2366"]
[PlyCount "31"]
[EventDate "2011.04.20"]
[EventType "tourn"]
[EventRounds "9"]
[EventCountry "CZE"]
[EventCategory "3"]
[SourceTitle "CBM 142 Extra"]
[Source "ChessBase"]
[SourceDate "2011.06.27"]
[SourceVersion "1"]
[SourceVersionDate "2011.06.27"]
[SourceQuality "1"]

1. d4 Nf6 2. Nf3 e6 3. e3 b6 4. Bd3 Bb7 5. 0-0 c5 6. c4 Be7 7. Nc3 cxd4 8. exd4 d5 9. cxd5 Nxd5 10. Ne5 0-0 11. Qh5 Nf6 12. Qh4 Nbd7 13. Bg5 h6 14. Nxd7 Qxd7 15. Bxh6 gxh6 16. Qxh6 1/2-1/2

[Event "Frydek Mistek IM-A"]
[Site "Frydek Mistek"]
[Date "2011.04.22"]
[Round "4"]
[White "Kulicov, Oleg Anatolie"]
[Black "Rosko, Lubos"]
[Result "1-0"]
[WhiteElo "2415"]
[BlackElo "2305"]
[PlyCount "39"]
[EventDate "2011.04.20"]
[EventType "tourn"]
[EventRounds "9"]
[EventCountry "CZE"]
[EventCategory "3"]
[SourceTitle "CBM 142 Extra"]
[Source "ChessBase"]
[SourceDate "2011.06.27"]
[SourceVersion "1"]
[SourceVersionDate "2011.06.27"]
[SourceQuality "1"]

1. d4 Nf6 2. Nf3 g6 3. c4 Bg7 4. Nc3 d5 5. Bg5 Ne4 6. cxd5 Nxg5 7. Nxg5 e6 8. Qd2 exd5 9. Qe3+ Kf8 10. Qf4 Bf6 11. h4 c6 12. e4 h6 13. Nf3 dxe4 14. Nxe4 Kg7 15. Bc4 Re8 16. 0-0-0 Be6 17. Bxe6 Rxe6 18. g4 Qd5 19. g5 Bxg5 20. hxg5 1-0

[Event "Frydek Mistek IM-A"]
[Site "Frydek Mistek"]
[Date "2011.04.21"]
[Round "2"]
[White "Kulicov, Oleg Anatolie"]
[Black "Poloch, Petr"]
[Result "1-0"]
[WhiteElo "2415"]
[BlackElo "2264"]
[PlyCount "71"]
[EventDate "2011.04.20"]
[EventType "tourn"]
[EventRounds "9"]
[EventCountry "CZE"]
[EventCategory "3"]
[SourceTitle "CBM 142 Extra"]
[Source "ChessBase"]
[SourceDate "2011.06.27"]
[SourceVersion "1"]
[SourceVersionDate "2011.06.27"]
[SourceQuality "1"]

1. d4 Nf6 2. Nf3 e6 3. c4 c5 4. d5 exd5 5. cxd5 d6 6. Nc3 g6 7. Bf4 a6 8. a4 Bg7 9. h3 0-0 10. e3 Qe7 11. Be2 Nfd7 12. 0-0 Ne5 13. Nd2 Nbd7 14. Re1 f5 15. Bh2 g5 16. f4 Nf7 17. Nc4 Rb8 18. Qb3 Bxc3 19. Qxc3 gxf4 20. exf4 Qf6 21. Qd2 b5 22. axb5 Rxb5 23. Rab1 Nb6 24. Na5 Rb4 25. Nc6 Re4 26. Bf3 Rxe1+ 27. Rxe1 Bd7 28. Bg3 Nc4 29. Qc2 Bxc6 30. dxc6 Qd4+ 31. Kh2 Ne3 32. Qb3 Nc4 33. c7 d5 34. Qb7 Ncd6 35. Qc6 Qxb2 36. Bxd5 1-0

[Event "Central FO-ch"]
[Site "Gagarin"]
[Date "2009.05.07"]
[Round "9"]
[White "Kulicov, Oleg Anatolie"]
[Black "Mamoshin, Valery"]
[Result "1-0"]
[WhiteElo "2414"]
[BlackElo "2286"]
[PlyCount "57"]
[EventDate "2009.05.01"]
[EventType "swiss"]
[EventRounds "9"]
[EventCountry "RUS"]
[SourceTitle "CBM 130 Extra"]
[Source "ChessBase"]
[SourceDate "2009.07.02"]
[SourceVersion "2"]
[SourceVersionDate "2009.07.15"]
[SourceQuality "1"]

1. e4 c5 2. c3 d5 3. exd5 Qxd5 4. d4 e5 5. dxe5 Qxe5+ 6. Be2 Nf6 7. Nf3 Qc7 8. Na3 a6 9. Nc4 b5 10. Ne3 Nc6 11. a4 Rb8 12. axb5 axb5 13. c4 bxc4 14. Nxc4 Be7 15. g3 0-0 16. Bf4 Qb7 17. Bxb8 Qxb8 18. 0-0 Bb7 19. Re1 Rd8 20. Qa4 Nd5 21. Na5 Nxa5 22. Qxa5 Bc6 23. Bc4 Bd6 24. Ne5 Bxe5 25. Rxe5 Nb6 26. Rxc5 Ba8 27. Rb5 Qb7 28. Bd5 Rxd5 29. Qxa8+ 1-0

[Event "Central FO-ch"]
[Site "Gagarin"]
[Date "2009.05.06"]
[Round "8"]
[White "Pogosian, Manvel"]
[Black "Kulicov, Oleg Anatolie"]
[Result "1-0"]
[WhiteElo "2236"]
[BlackElo "2414"]
[PlyCount "103"]
[EventDate "2009.05.01"]
[EventType "swiss"]
[EventRounds "9"]
[EventCountry "RUS"]
[SourceTitle "CBM 130 Extra"]
[Source "ChessBase"]
[SourceDate "2009.07.02"]
[SourceVersion "2"]
[SourceVersionDate "2009.07.15"]
[SourceQuality "1"]

1. d4 Nf6 2. Nf3 e6 3. g3 b5 4. Bg2 Bb7 5. 0-0 Be7 6. a4 b4 7. Nbd2 0-0 8. c4 c5 9. e3 Na6 10. b3 Rc8 11. Bb2 Rc7 12. Qe2 Qa8 13. Rfd1 Rd8 14. Rac1 d6 15. Ne1 d5 16. Bf1 cxd4 17. exd4 dxc4 18. bxc4 Nb8 19. Nb3 a5 20. Qe5 Rcc8 21. Qxa5 Nc6 22. Qxa8 Rxa8 23. Nd3 Na5 24. Nbc5 Bf3 25. Re1 Nb7 26. Nxb7 Bxb7 27. d5 Rxa4 28. dxe6 Rc8 29. exf7+ Kxf7 30. Bh3 Rd8 31. Ne5+ Kf8 32. c5 Bc8 33. Bxc8 Rxc8 34. c6 Ra2 35. Bd4 b3 36. Rb1 Bd6 37. Rxb3 Bxe5 38. Rxe5 Rc2 39. Rb7 R8xc6 40. Ree7 Rd2 41. Rf7+ Ke8 42. Bxf6 Rxf6 43. Rxf6 gxf6 44. Rxh7 Kf8 45. Ra7 Kg8 46. Kg2 Rc2 47. g4 Rb2 48. Kg3 Rc2 49. h4 Rb2 50. g5 fxg5 51. hxg5 Rc2 52. f4 1-0

[Event "Central FO-ch"]
[Site "Gagarin"]
[Date "2009.05.05"]
[Round "7"]
[White "Kulicov, Oleg Anatolie"]
[Black "Slugin, Sergey"]
[Result "1/2-1/2"]
[WhiteElo "2414"]
[BlackElo "2439"]
[PlyCount "62"]
[EventDate "2009.05.01"]
[EventType "swiss"]
[EventRounds "9"]
[EventCountry "RUS"]
[SourceTitle "CBM 130 Extra"]
[Source "ChessBase"]
[SourceDate "2009.07.02"]
[SourceVersion "2"]
[SourceVersionDate "2009.07.15"]
[SourceQuality "1"]

1. e4 e5 2. Nf3 Nc6 3. d4 exd4 4. Nxd4 Nf6 5. Nxc6 bxc6 6. e5 Qe7 7. Qe2 Nd5 8. c4 Ba6 9. b3 g5 10. Ba3 d6 11. exd6 Qxe2+ 12. Bxe2 Bg7 13. cxd5 Bxe2 14. Kxe2 Bxa1 15. dxc6 cxd6 16. Kd3 Be5 17. g3 Rc8 18. Rc1 h5 19. Ke4 h4 20. Kd5 hxg3 21. hxg3 Rh2 22. Nd2 Rxf2 23. Ne4 Re2 24. Bxd6 Rxe4 25. Bxe5 Re2 26. Bd6 Rxa2 27. Re1+ Kd8 28. c7+ Rxc7 29. Bxc7+ Kxc7 30. Re7+ Kb6 31. Rxf7 a5 1/2-1/2

[Event "Central FO-ch"]
[Site "Gagarin"]
[Date "2009.05.04"]
[Round "5"]
[White "Kulicov, Oleg Anatolie"]
[Black "Strekha, Igor"]
[Result "1/2-1/2"]
[WhiteElo "2414"]
[BlackElo "2108"]
[PlyCount "78"]
[EventDate "2009.05.01"]
[EventType "swiss"]
[EventRounds "9"]
[EventCountry "RUS"]
[SourceTitle "CBM 130 Extra"]
[Source "ChessBase"]
[SourceDate "2009.07.02"]
[SourceVersion "2"]
[SourceVersionDate "2009.07.15"]
[SourceQuality "1"]

1. e4 c5 2. c3 Nf6 3. e5 Nd5 4. Nf3 Nc6 5. d4 cxd4 6. cxd4 d6 7. Bc4 Nb6 8. Bb5 dxe5 9. Nxe5 Bd7 10. Nxd7 Qxd7 11. Nc3 Rd8 12. Be3 a6 13. Bxc6 Qxc6 14. 0-0 e6 15. Rc1 Nd5 16. Qg4 Nf6 17. Qg3 Bd6 18. d5 exd5 19. Qh4 Be7 20. Bg5 0-0 21. Ne4 Qb6 22. Nxf6+ Bxf6 23. Bxf6 Qxf6 24. Qxf6 gxf6 25. Rc7 Rd6 26. Rxb7 Rc8 27. Rb3 Rc2 28. Rd1 Re6 29. h3 Ree2 30. Rxd5 Rxf2 31. Rd8+ Kg7 32. Rg3+ Kh6 33. Rd4 Kh5 34. Rd7 Rxb2 35. Rxf7 h6 36. a3 Rf5 37. Kh2 Rb6 38. Rd7 Rg5 39. Rxg5+ hxg5 1/2-1/2

[Event "Marianske Lazne op"]
[Site "Marianske Lazne"]
[Date "2008.01.25"]
[Round "8"]
[White "Kulicov, Oleg Anatolie"]
[Black "Volodin, Viktor Nikolaevich"]
[Result "0-1"]
[WhiteElo "2405"]
[BlackElo "2233"]
[PlyCount "102"]
[EventDate "2008.01.19"]
[EventType "swiss"]
[EventRounds "9"]
[EventCountry "CZE"]
[SourceTitle "CBM 122 Extra"]
[Source "ChessBase"]
[SourceDate "2008.03.04"]
[SourceVersion "1"]
[SourceVersionDate "2008.03.04"]
[SourceQuality "1"]

1. e4 c5 2. Nc3 Nc6 3. Bb5 g6 4. Bxc6 dxc6 5. d3 Bg7 6. f4 Nf6 7. Nge2 Bg4 8. Be3 b6 9. h3 Bxe2 10. Qxe2 Nh5 11. Qf2 Bd4 12. g4 Ng7 13. f5 Bxe3 14. Qxe3 Qd4 15. Qf3 0-0-0 16. 0-0-0 Ne8 17. fxg6 fxg6 18. e5 Kb7 19. Rde1 Nc7 20. Qf7 Rde8 21. Rhf1 Qd8 22. Qc4 Qd4 23. Rf7 Qxc4 24. dxc4 Ne6 25. Ne4 Kc8 26. Kd2 Kd8 27. Ke3 Ref8 28. Ref1 Ke8 29. Rxf8+ Rxf8 30. Rxf8+ Kxf8 31. c3 Kf7 32. b4 a6 33. h4 h6 34. a4 a5 35. bxa5 bxa5 36. Nd2 Nd8 37. Kf4 Nb7 38. Ne4 Ke6 39. Nf2 Nd8 40. Nd3 Nb7 41. Ke4 Kf7 42. Kf4 Ke6 43. g5 h5 44. Ke4 Kf7 45. Nf4 e6 46. Nd3 Ke7 47. Ke3 Kf7 48. Nf2 Ke8 49. Ne4 Ke7 50. Kf4 Ke8 51. Nf6+ Kf7 0-1

[Event "Marianske Lazne op"]
[Site "Marianske Lazne"]
[Date "2008.01.23"]
[Round "6"]
[White "Kulicov, Oleg Anatolie"]
[Black "Antipov, Mikhail Al"]
[Result "1/2-1/2"]
[WhiteElo "2405"]
[BlackElo "2114"]
[PlyCount "175"]
[EventDate "2008.01.19"]
[EventType "swiss"]
[EventRounds "9"]
[EventCountry "CZE"]
[SourceTitle "CBM 122 Extra"]
[Source "ChessBase"]
[SourceDate "2008.03.04"]
[SourceVersion "1"]
[SourceVersionDate "2008.03.04"]
[SourceQuality "1"]

1. Nf3 Nf6 2. g3 g6 3. Bg2 Bg7 4. 0-0 0-0 5. c4 d6 6. Nc3 Nbd7 7. Rb1 e5 8. d3 a5 9. a3 c6 10. Nd2 Re8 11. b4 axb4 12. axb4 Nf8 13. b5 d5 14. Bb2 Be6 15. bxc6 bxc6 16. Qc2 Rc8 17. Na4 N8d7 18. Ba3 Qc7 19. Bb4 Qa7 20. Ra1 Ra8 21. Ra3 Bf8 22. Nc5 Qb6 23. Nxd7 Nxd7 24. Bxf8 Rxf8 25. Rxa8 Rxa8 26. Rb1 Qa6 27. Kf1 Qa2 28. Qxa2 Rxa2 29. Ke1 Nc5 30. cxd5 cxd5 31. Rc1 Nd7 32. Nf3 f6 33. d4 e4 34. Nd2 Rb2 35. h3 Kf7 36. Nf1 Rb4 37. e3 Ke7 38. Nd2 Nb6 39. Rc7+ Bd7 40. Bf1 Kd6 41. Rc1 f5 42. h4 Bc6 43. Be2 Bd7 44. Nb1 Na4 45. Nc3 Nxc3 46. Rxc3 Rb1+ 47. Kd2 Rb2+ 48. Rc2 Rxc2+ 49. Kxc2 Kc6 50. Kc3 Kb6 51. Kb4 Bc6 52. g4 fxg4 53. Bxg4 h6 54. Be6 g5 55. hxg5 hxg5 56. Bf7 Bb7 57. Be8 Bc8 58. Bf7 Bb7 59. Be6 Bc6 60. Kc3 Kc7 61. Bf5 Be8 62. Bg4 Kb6 63. Be6 Bc6 64. Kd2 Kc7 65. Bg8 Kd6 66. Bh7 Bd7 67. Bg6 Bc6 68. Bf5 Bd7 69. Bg6 Bc6 70. Bh5 Bd7 71. Be2 Be6 72. Ke1 Bh3 73. Bb5 Ke6 74. Kd2 Kd6 75. Be8 Bd7 76. Bf7 Bc6 77. Bg8 Bb7 78. Bh7 Bc8 79. Bg6 Bd7 80. Bf7 Bc6 81. Kc3 Kc7 82. Be6 Bb7 83. Kb4 Kb6 84. Bd7 Ba8 85. Bc8 Bc6 86. Bf5 Be8 87. Be6 Bc6 88. Bc8 1/2-1/2

[Event "Marianske Lazne op"]
[Site "Marianske Lazne"]
[Date "2008.01.20"]
[Round "2"]
[White "Kulicov, Oleg Anatolie"]
[Black "Krejci, Jan"]
[Result "1-0"]
[WhiteElo "2405"]
[BlackElo "2095"]
[PlyCount "79"]
[EventDate "2008.01.19"]
[EventType "swiss"]
[EventRounds "9"]
[EventCountry "CZE"]
[SourceTitle "CBM 122 Extra"]
[Source "ChessBase"]
[SourceDate "2008.03.04"]
[SourceVersion "1"]
[SourceVersionDate "2008.03.04"]
[SourceQuality "1"]

1. e4 e5 2. Nf3 Nf6 3. Nxe5 d6 4. Nf3 Nxe4 5. Nc3 Nxc3 6. dxc3 Be7 7. Bf4 Nc6 8. Qd2 Be6 9. 0-0-0 a6 10. Kb1 Qd7 11. h4 h6 12. Re1 Bf6 13. g4 0-0-0 14. g5 hxg5 15. Nxg5 Bxg5 16. Bxg5 Rde8 17. Bg2 Kb8 18. Bf4 Bg4 19. Bg3 f6 20. b3 Rxe1+ 21. Rxe1 Re8 22. Kb2 Rxe1 23. Qxe1 Qe7 24. Qh1 Qe8 25. Bd5 Nd8 26. Qc1 Qh5 27. Qh1 Qe8 28. Be4 Bh5 29. Bf4 Qe6 30. a4 Qg4 31. Be3 Qe6 32. Qg2 Qg4 33. Qh1 Qe6 34. Bd4 Qg4 35. Bd5 Qe2 36. Qg2 Qg4 37. Qh1 Qe2 38. Bc4 Qd1 39. Qd5 Bg6 40. Ba7+ 1-0

[Event "Prague op-A 07th"]
[Site "Prague"]
[Date "2008.01.15"]
[Round "6"]
[White "Kovar, Vojtech"]
[Black "Kulicov, Oleg Anatolie"]
[Result "1-0"]
[WhiteElo "2227"]
[BlackElo "2405"]
[PlyCount "53"]
[EventDate "2008.01.11"]
[EventType "swiss"]
[EventRounds "9"]
[EventCountry "CZE"]
[SourceTitle "CBM 122 Extra"]
[Source "ChessBase"]
[SourceDate "2008.03.04"]
[SourceVersion "1"]
[SourceVersionDate "2008.03.04"]
[SourceQuality "1"]

1. e4 d5 2. exd5 Nf6 3. d4 Bg4 4. Bb5+ Nbd7 5. Be2 Bxe2 6. Qxe2 Nxd5 7. Nf3 e6 8. 0-0 Be7 9. c4 N5f6 10. Nc3 0-0 11. b3 c6 12. Bb2 Re8 13. Rad1 Qa5 14. Ne5 Rad8 15. f4 c5 16. d5 exd5 17. Nxd5 Nxd5 18. Nxd7 Bf8 19. Qg4 h5 20. Qf5 Ne3 21. Nf6+ gxf6 22. Qxf6 Rd4 23. Qg5+ Kh7 24. Qxh5+ Bh6 25. Qxf7+ Bg7 26. Qh5+ Bh6 27. Rxd4 1-0

[Event "Prague op-A 07th"]
[Site "Prague"]
[Date "2008.01.14"]
[Round "4"]
[White "Weinzettl, Ernst"]
[Black "Kulicov, Oleg Anatolie"]
[Result "1/2-1/2"]
[WhiteElo "2305"]
[BlackElo "2405"]
[PlyCount "62"]
[EventDate "2008.01.11"]
[EventType "swiss"]
[EventRounds "9"]
[EventCountry "CZE"]
[SourceTitle "CBM 122 Extra"]
[Source "ChessBase"]
[SourceDate "2008.03.04"]
[SourceVersion "1"]
[SourceVersionDate "2008.03.04"]
[SourceQuality "1"]

1. e4 d5 2. exd5 Nf6 3. c4 e6 4. d4 exd5 5. Nc3 Be7 6. Bd3 dxc4 7. Bxc4 0-0 8. Nge2 Nc6 9. 0-0 Bf5 10. a3 h6 11. Bf4 Bd6 12. Qd2 Ne4 13. Nxe4 Bxe4 14. Nc3 Bg6 15. Nb5 Bxf4 16. Qxf4 Na5 17. d5 Nxc4 18. Qxc4 c6 19. Nc3 cxd5 20. Nxd5 Qd6 21. Rfe1 Rfe8 22. h3 Bf5 23. Rxe8+ Rxe8 24. Rd1 Qe5 25. Ne3 Be6 26. Qa4 Rc8 27. Qxa7 Qxb2 28. Qa5 b6 29. Qb4 Qxb4 30. axb4 h5 31. Ra1 Kf8 1/2-1/2

[Event "Dubai op 09th"]
[Site "Dubai"]
[Date "2007.04.28"]
[Round "7"]
[White "Sturua, Zurab"]
[Black "Kulicov, Oleg Anatolie"]
[Result "1-0"]
[WhiteElo "2513"]
[BlackElo "2403"]
[PlyCount "63"]
[EventDate "2007.04.22"]
[EventType "swiss"]
[EventRounds "9"]
[EventCountry "UAE"]
[SourceTitle "CBM 118 Extra"]
[Source "ChessBase"]
[SourceDate "2007.07.04"]
[SourceVersion "1"]
[SourceVersionDate "2007.07.04"]
[SourceQuality "1"]

1. Nf3 Nf6 2. c4 c5 3. Nc3 g6 4. d4 cxd4 5. Nxd4 Nc6 6. Nc2 Bg7 7. e4 d6 8. Be2 Nd7 9. Bd2 Nc5 10. 0-0 0-0 11. f3 a5 12. Rc1 a4 13. Kh1 f5 14. exf5 Bxf5 15. Be3 Ne5 16. Nd4 Bd7 17. Ndb5 Bxb5 18. cxb5 Ned7 19. Re1 Kh8 20. Bf1 Nb6 21. Rc2 Re8 22. f4 Rc8 23. g3 Qd7 24. Bg2 Rc7 25. a3 Qf5 26. Rce2 Bf6 27. Bd4 Kg7 28. Bxc5 dxc5 29. Re6 Nc4 30. g4 Qxf4 31. Nd5 Nxb2 32. Qe2 1-0